New empty homes estimate (Record no. 117403)

MARC details
000 -LEADER
fixed length control field 01205cam a2200265 4500
001 - CONTROL NUMBER
control field WB4020-08
008 - FIXED-LENGTH DATA ELEMENTS--GENERAL INFORMATION
fixed length control field 040526n2004 000 0 eng u
035 ## - SYSTEM CONTROL NUMBER
System control number (Sirsi) u126294
245 ## - TITLE STATEMENT
Title New empty homes estimate
260 ## - PUBLICATION, DISTRIBUTION, ETC.
Date of publication, distribution, etc. 2004
490 ## - SERIES STATEMENT
Series statement Halifax Press Release
Volume/sequential designation 22 May 2004 (10)
520 ## - SUMMARY, ETC.
Summary, etc. New research by Halifax shows across Great Britain there are around 860 000 empty homes, 3.4% of the total dwelling stock . Birmingham, Liverpool and Manchester top the empty homes league with northwest England the worst region with nearly 5% of its dwelling stock empty. In England 84% of empty homes are privately owned but private sector homes usually stay empty for less than six months. House prices in areas with a significant number of empty homes were close to 30% below the UK average. http://www.hbosplc.com/media/includes/22-05-04_Emp ty_Homes_A_National_Snapshot.doc.
590 ## - LOCAL NOTE (RLIN)
Local note WB
590 ## - LOCAL NOTE (RLIN)
Local note WB
650 ## - SUBJECT ADDED ENTRY--TOPICAL TERM
Topical term or geographic name entry element PRIVATE SECTOR HOUSING
650 ## - SUBJECT ADDED ENTRY--TOPICAL TERM
Topical term or geographic name entry element DEPRIVATION
650 ## - SUBJECT ADDED ENTRY--TOPICAL TERM
Topical term or geographic name entry element NORTHWEST ENGLAND
650 ## - SUBJECT ADDED ENTRY--TOPICAL TERM
Topical term or geographic name entry element BIRMINGHAM
650 ## - SUBJECT ADDED ENTRY--TOPICAL TERM
Topical term or geographic name entry element LIVERPOOL
650 ## - SUBJECT ADDED ENTRY--TOPICAL TERM
Topical term or geographic name entry element MANCHESTER
650 ## - SUBJECT ADDED ENTRY--TOPICAL TERM
Topical term or geographic name entry element HOUSING STOCK
650 ## - SUBJECT ADDED ENTRY--TOPICAL TERM
Topical term or geographic name entry element EMPTY HOMES
690 ## - LOCAL SUBJECT ADDED ENTRY--TOPICAL TERM (OCLC, RLIN)
Topical term or geographic name as entry element HOUSING-MARKET
942 ## - ADDED ENTRY ELEMENTS (KOHA)
Suppress in OPAC 0
Holdings
Withdrawn status Lost status Source of classification or shelving scheme Damaged status Not for loan Home library Current library Shelving location Date acquired Total Checkouts Full call number Barcode Date last seen Copy number Price effective from Koha item type
    Dewey Decimal Classification     London London News article 26/05/2004   WB4020-08 126294-1001 06/08/2019 1 06/08/2019 News article